000 00454nam a2200181Ia 4500
001 31475
003 IN-NITTTR
005 20251114233421.0
008 251113s9999||||xx |||||||||||||| ||eng||
040 _beng
040 _cIN-NITTTR
041 _aeng
082 _a300.72 C79R
100 _aKothari, C. R.
245 0 _aResearch methodology :
_b methods and techniques /
_cKothari, C. R., Garg, Gaurav
700 _a Garg, Gaurav
942 _2ddc
_cBK
999 _c34105
_d34105